| 000 | 00765nam a22002177a 4500 | ||
|---|---|---|---|
| 999 |
_c10241 _d10241 |
||
| 003 | AR-CdUCM | ||
| 008 | 190329b ||||| |||| 00| 0 spa d | ||
| 040 |
_aMUNICIPALIDAD PROVINCIAL DEL CUSCO _cBIBLIOTECA MUNICIPAL DEL CUSCO |
||
| 041 | _heng | ||
| 082 |
_a980.004 / _bW44 /1935 |
||
| 100 |
_aWells, H. G. _918489 |
||
| 245 | _aAmérica nueva: mundo nuevo / | ||
| 260 |
_aSantiago de Chile : _bErcilla, _c1935. |
||
| 300 |
_a90 páginas ; _c18.5 cm. |
||
| 505 | _aContenido: Nuevos planes en todo el mundo -- Voces roncas y hombres inexpresivos -- Relajamiento de energía -- Reajustando el mecanismo. | ||
| 650 |
_aHistoria _9136 |
||
| 650 |
_aAspectos sociales _9262 |
||
| 700 |
_aSanchez, L. A. (traductor) _926973 |
||
| 942 |
_2ddc _cLIBROS |
||
| 945 | _aacv | ||